10 Most Populous Cities in Oregon - Statistics

General Stats
  • This quiz has been taken 22 times
  • The average score is 7 of 10
Answer Stats
Population City % Correct
622,882 Portland
100%
178,056 Eugene
94%
177,928 Salem
89%
106,184 Bend
72%
96,756 Beaverton
61%
109,423 Gresham
61%
84,760 Medford
61%
61,468 Corvallis
50%
107,976 Hillsboro
44%
60,827 Springfield
22%
No matching quizzes found
Score Distribution
Percent of People with Each Score
Percentile by Number Answered
Your Score History
You have not taken this quiz